Problemas ambientales de áreas carsicas parte 3: el acondicionamiento turistico y la planificación de áreas carsicas (Registro nro. 10072)
[ vista simple ]
| 000 -CABECERA | |
|---|---|
| Campo de control | 004960000a22001450004500 |
| 090 ## - CLASIFICACIÓN LOCAL | |
| Colección | AR |
| Consecutivo | 00984 |
| 041 0# - IDIOMA | |
| Código de idioma para texto/pista de sonido o título separado | |
| 100 1# - ASIENTO PRINCIPAL--NOMBRE PERSONAL | |
| Nombre personal | Pérez Conca, Francisco |
| 245 10 - MENCION DE TITULO | |
| Título | Problemas ambientales de áreas carsicas parte 3: el acondicionamiento turistico y la planificación de áreas carsicas |
| 650 14 - ASIENTO SECUNDARIO DE MATERIA - TERMINO TEMATICO | |
| Término temático o nombre geográfico como elemento de entrada | Cavernas |
| 650 14 - ASIENTO SECUNDARIO DE MATERIA - TERMINO TEMATICO | |
| Término temático o nombre geográfico como elemento de entrada | Espeleología |
| 650 14 - ASIENTO SECUNDARIO DE MATERIA - TERMINO TEMATICO | |
| Término temático o nombre geográfico como elemento de entrada | Ecosistemas cavernícolas |
| 773 1# - Item fuente: | |
| Título | Bol. Soc. Bot. México |
| Especificación de materiales | 1189 |
| Descripción física | 18 |
| Paginas del Articulo | 5-15 |
| Lugar, editorial y fecha de publicación | 1982 |
| Información sobre la relación | 10 |
| 942 ## - ELEMENTOS ADICIONALES (KOHA) | |
| Tipo de ítem | Artículo |
| Withdrawn status | Lost status | Damaged status | No para préstamo | Colección | Ubicación Permanente | Ubicación actual | Fecha de adquisición | Fuente de Valor | Datos de publicación Seriada | Total Checkouts | Número topográfico | Inventario / Código de Barras | Date last seen | Ejemplar | Price effective from | Forma de adquisición | Tipo de material |
|---|---|---|---|---|---|---|---|---|---|---|---|---|---|---|---|---|---|
| No para Préstamo | Hemeroteca | Bogotá | Bogotá | 27/02/2015 | Ferreira Miani, Paola | Fuera de circulación | AR 00984 | 011286 | 25/03/2015 | 1 | 25/03/2015 | Artículo | |||||
| No para Préstamo | Hemeroteca | Bogotá | Bogotá | 27/02/2015 | Ferreira Miani, Paola | Fuera de circulación | AR 00984 | 011287 | 25/03/2015 | 2 | 25/03/2015 | Artículo |